| 000 | 00480nam a2200181Ka 4500 | ||
|---|---|---|---|
| 020 | _a0198283164 | ||
| 020 | _a9780198283164 | ||
| 040 | _cYNG | ||
| 082 | _a303 OXF 1995 A064 Or. | ||
| 100 | 1 | _aHendry, David F. | |
| 245 | 1 | 0 | _aDynamic econometrics |
| 260 |
_aOxford : _bOxford University Press, _c1995. |
||
| 300 | _a904 p. | ||
| 650 | 0 | _aEconometric models. | |
| 710 | 2 | _aOxford University Press. | |
| 856 | 4 | 0 | _uhttp://rave.ohiolink.edu/ebooks/ebc/0198283164 |
| 942 | _cEK | ||
| 999 |
_c14054 _d14054 |
||